| 000 | 01012nam a2200277 a 4500 | ||
|---|---|---|---|
| 003 | MX-MxUPN | ||
| 005 | 20240521155719.0 | ||
| 008 | 190612s2003 bl fr 100 0 por d | ||
| 020 | _a8572821376 | ||
| 035 | _aUPN01000231239 | ||
| 040 |
_aMX-MxUPN _bspa _cMX-MxUPN |
||
| 041 | 0 | _aspa | |
| 050 | 0 | 0 |
_aLA556 _bE52 2003 |
| 111 | 2 |
_aEncontro Cearense de Historiadores da Educação _n(2° : _d2003 : _cFortaleza, Brasil) _952004 |
|
| 245 | 1 | 0 | _aBiografias, instituições, idéias, experiências e políticas educacionais |
| 260 |
_aFortaleza : _bEditora UFC, _c2003. |
||
| 300 | _a467 páginas | ||
| 650 | 4 |
_aEducación _zBrasil _xHistoria _vCongresos _951999 |
|
| 650 | 4 |
_aEducadores _zBrasil _vBiografía _vCongesos _952000 |
|
| 650 | 4 |
_aEducación y Estado _zBrasil _vCongresos _952002 |
|
| 700 | 1 |
_aCavalcante, Maria Juraci Maia, _d1956- _951996 _ecoordinación |
|
| 700 | 1 |
_aBezerra, José Arimatea Barros _951997 _ecoordinación |
|
| 902 | _aVíctor Ruiz/210524 | ||
| 942 |
_2lcc _cLIBRO |
||
| 999 |
_c203334 _d203334 |
||